Objective Chemistry for Neet 2021 (Record no. 183008)

MARC details
000 -LEADER
fixed length control field 00827 a2200217 4500
005 - DATE AND TIME OF LATEST TRANSACTION
control field 20211214160315.0
010 ## - LCCN (DPL NO)
LC control number ENG-130305-06
020 ## - INTERNATIONAL STANDARD BOOK NUMBER
Terms of availability 625.00 (v.I)
International Standard Book Number 978-93-903-9478-4
020 ## - INTERNATIONAL STANDARD BOOK NUMBER
Terms of availability 599.00(v.II)
International Standard Book Number 978-93-903-9477-7
035 ## - SYSTEM CONTROL NUMBER
System control number EN-113837-38
037 ## - SOURCE OF ACQUISITION
Source of stock number/acquisition DBAD / PUB
082 14 - DEWEY DECIMAL CLASSIFICATION NUMBER
Classification number 540
100 1# - MAIN ENTRY--PERSONAL NAME
Personal name Singhal, A.K.
245 1# - TITLE STATEMENT
Title Objective Chemistry for Neet 2021
Statement of responsibility, etc A.K. Singhal
260 ## - PUBLICATION, DISTRIBUTION, ETC. (IMPRINT)
Place of publication, distribution, etc Uttar Pradesh
Name of publisher, distributor, etc Pearson Indian Education Services Pvt Ltd
Date of publication, distribution, etc 2021
270 ## - ADDRESS
Address 15th Floor, Tower-B, World Trade Tower, Plot No. 1, Block-C, Sector-16,
City Uttar Pradesh
State or province Noida
300 ## - PHYSICAL DESCRIPTION
Extent 2 V. (V 1, 13.16p.; V 2, M5.4p.)
Dimensions 25cm (pbk)
505 ## - FORMATTED CONTENTS NOTE
Formatted contents note V.I-(Objective Chemistry for Neet 2021); <br/>V.II-(Objective Chemistry for Neet 2021) <br/>
700 ## - ADDED ENTRY--PERSONAL NAME
Personal name U.K. Singhal
942 ## - ADDED ENTRY ELEMENTS (KOHA)
Institution code [OBSOLETE] dpl
Item type English Books
Source of classification or shelving scheme Dewey Decimal Classification
Classification part 540
Call number suffix SIN
Holdings
Withdrawn status Lost status Materials specified (bound volume or other part) Not for loan Collection code Home library Current library Date acquired Source of acquisition Cost, normal purchase price Full call number Barcode Copy number Cost, replacement price Koha item type
    (Volume 1)   Non-fiction Shahdara Branch Shahdara Branch 14/12/2021 DBAD/PUB 599.00 540 SIN EN-113837 1 599.00 English Books
    (Volume 2)   Non-fiction Shahdara Branch Shahdara Branch 14/12/2021 DBAD/PUB 625.00 540 SIN EN-113838 1 625.00 English Books

© Delhi Public Library
Hit Counter
free hit counter